| 000 | 00533nam a2200169Ia 4500 | ||
|---|---|---|---|
| 003 | LK-CoDNM | ||
| 008 | 010623t2009 xxu||||| |||| 00| 1 sin d | ||
| 040 |
_aLK-CoDNM _dLK-CoDNM _eLK-CoDNM |
||
| 041 | _asin | ||
| 080 | _ax398.5 BOP | ||
| 100 | _aBopegedara,A.M.R. | ||
| 245 | _aවිද්යාවෙන් ඔපවෙන අපගේ විශ්වාස හා ඇදහිලි | ||
| 246 | _aViddayawen Opawena Apage Vishvasa Ha Edahili | ||
| 260 |
_bSarasawi _aColombo _c2009 |
||
| 300 | _b184p., 21 cm | ||
| 942 | _cBK | ||
| 999 |
_c129103 _d129103 |
||